1687 1668 1555 1341 1676 1785 1457 1494 1090 1581 1360 1800 1994 1272 1792 1588 1249 1146 1530 1029 1133 1412 2000 1266 1711 1068 1284 1424 1348 1291 1023 1618 1133 1076 1251 1871 1921 1976 1188 1010 1089 1970 1948 1651 1090 1435 1821 1386 1817 1619 1568 1453 1772 1408 1670 1860 1499 1134 1223 1742 1728 1427 1229 1504 1276 1113 1612 1333 1995 1344 1160 1425 1032 1105 1344 1569 1024 1620 1810 1300 1247 1930 1981 1242 1003 1640 1790 1824 1624 1078 1777 1039 1644 1055 1784 1539 1769 1890 1732 BCNSPRNW ULIB Ver.6.0+V

เปลี่ยนเป็นภาษาไทย

Change to English
 แสดงรายละเอียดบรรณานุกรม
  กลับหน้าหลัก

Brief Record : Get Marc (ISO 2709) : E-mail record : QR code < ปิดหน้าต่าง
LEADER : 00000nam 2200000uu 4500
001    13399109146
003     ULIB
008    110323s2551||||th 000 0 tha d
020    9789744140678
041    tha^heng
050  4 BF412^bพ621ถ 2551
100 1  พาวเวล, ไมเคิล
245 10 ถอดรหัสอัจฉริยะ =^bMind games. /^cby Michael Powell ;แปลและเรียบเรียงโดย วนาวรรณ แก้วกำเนิด
246 31 Mind games
250    พิมพ์ครั้งที่ 3
260    กรุงเทพฯ :^bบิสคิต,^c2551
300    152 หน้า :^bภาพประกอบ ;^c21 ซม.
650  7 อัจฉริยบุคคล
700 0  วนาวรรณ แก้วกำเนิด,^eผู้แปล
700 12 Powell, Michael.^tMind games
945    ^p200^l0^i029940
945    ^p200^l0^i029939
995    เกษร
999 ^a ใช้งานได้ทุกระบบ
รายการนี้ยังไม่มีแท็ก
คุณยังไม่ได้ล็อกอิน คุณสามารถมีกิจกรรมร่วมกับเว็บไซต์ได้ แต่ต้องล็อกอินก่อน ::
  ล็อกอิน

รายการสื่อสารสนเทศ

ลำดับที่ ประเภท เลขเรียก/บาร์โค้ด สถานที่ สถานะ
- ไม่พบข้อมูล -

รายการใกล้เคียง
    ผู้แต่ง [พาวเวล, ไมเคิล]

    หัวเรื่อง [อัจฉริยบุคคล]

BibComment


ยังไม่เคยถูกคอมเมนท์

คอมเมนท์ทรัพยากรรายการนี้
  คอมเมนท์: ถอดรหัสอัจฉริยะ ..


 Copyright 2026. Bcnsprnw @Library